000 01129nam a2200253 i 4500
001 bg
245 0 0 _aKeeping pace with social and technical change :
_bproceedings of the 8th annual convention and conference, 15-18 December 1996 the University of New South Wales /
_ced. by Ian F. Morrison and Zenon J. Pudlowski ; Australasian Association for Engineering Education.
246 1 _a8th Annual convention and conference of the Australasian Assocation for Engineering Education
260 _aMelbourne :
_bMonash Univ.,
_ccop. 1995.
300 _a500 s. :
_brys., wykr. ;
_c26 cm.
500 _aTyt. grzbiet.: 8th |Annual convention and conference of the Australasian Assocation for Engineering Education.
504 _aBibliogr., summ. przy ref. - Indeks aut.
650 9 _aSzkolnictwo wyższe techniczne
_xnauczanie
655 _aMateriały konferencyjne
700 1 _aMORRISON, Ian F.
_eRed.
700 1 _aPUDLOWSKI, Zenon J.
_eRed.
020 _a0732611326
040 _cBPK
041 0 _aen
_ben
080 _a378.662(061.3)
920 _a0-7326-1132-6
942 _cKS
008 s pl f |000 0 pol
999 _c31469
_d31469
856 _uhttp://koha.tu.koszalin.pl/cgi-bin/koha/opac-detail.pl?biblionumber=31469
_yKatalog online BPK